[Event "CZE-chT2c 0405"]
[Site "Czech Republic"]
[Date "2005.04.10"]
[Round "11.8"]
[White "Vocilka, Jiri"]
[Black "Routner, Jakub"]
[Result "0-1"]
[WhiteElo "1828"]
[BlackElo "2068"]
[PlyCount "58"]
[EventDate "2004.10.17"]
[EventType "team"]
[EventRounds "11"]
[EventCountry "CZE"]
[SourceTitle "EXT 2007"]
[Source "ChessBase"]
[SourceDate "2006.11.23"]
[SourceVersion "1"]
[SourceVersionDate "2006.11.23"]
[SourceQuality "1"]
[WhiteTeam "Kutna Hora"]
[BlackTeam "Kobylisy"]
[WhiteTeamCountry "CZE"]
[BlackTeamCountry "CZE"]

1. e4 g6 2. d4 Bg7 3. Nf3 d6 4. Be2 Nc6 5. 0-0 e5 6. d5 Nce7 7. c4 f5 8. exf5 Bxf5 9. Nc3 Nf6 10. Nh4 0-0 11. Nxf5 gxf5 12. f4 Qd7 13. h3 Ng6 14. Bd3 e4 15. Bc2 c5 16. dxc6 bxc6 17. Bb3 Rad8 18. Be3 d5 19. cxd5 Nxd5 20. Bd4 Kh8 21. Bxd5 cxd5 22. Qd2 Bxd4+ 23. Qxd4+ Qg7 24. Rad1 Ne7 25. Qxa7 d4 26. Nb5 Rg8 27. Rf2 e3 28. Rfd2 exd2 29. Rxd2 Nc6 0-1